logo

Bir Sreshtho Munshi Abdur Rouf Library
Jhenaidah Cadet College

বায়োলজি ক্যুইজ / (Record no. 10066)

MARC details
000 -LEADER
fixed length control field 00739nam a2200229 a 4500
001 - CONTROL NUMBER
JCCL Control Number 10066
003 - CONTROL NUMBER IDENTIFIER
JCCL marc code BD-JhCC
005 - DATE AND TIME OF LATEST TRANSACTION
control field 20180405102805.0
008 - FIXED-LENGTH DATA ELEMENTS--GENERAL INFORMATION
fixed length control field 180405s1988 ii a|||| ||a| 000 0 ben d
035 ## - SYSTEM CONTROL NUMBER
system control number (BD-JhCC)10066
040 ## - CATALOGING SOURCE
Original cataloging agency BD-JhCC
Modifying agency BD-JhCC
041 ## - LANGUAGE CODE
Language code of Book ben
082 ## - DEWEY DECIMAL CLASSIFICATION NUMBER
Classification number 574
Author mark and Year DAS 1988
100 ## - MAIN ENTRY--PERSONAL NAME
Personal name দাস, তারকমোহন
245 ## - TITLE STATEMENT
Title বায়োলজি ক্যুইজ /
Statement of responsibility, etc তারকমোহন দাস এবং অসিত কুমার দাস
260 ## - PUBLICATION, DISTRIBUTION, ETC. (IMPRINT)
Place of publication, distribution, etc কলিকাতা :
Name of publisher, distributor, etc শৈব্যা প্রকাশন,
Date of publication, distribution, etc 1988
300 ## - PHYSICAL DESCRIPTION
Pagination 80 p. :
Dimensions 22 cm.
650 ## - SUBJECT ADDED ENTRY--TOPICAL TERM
Topical term or geographic name as entry element Biology
700 ## - ADDED ENTRY--PERSONAL NAME
Personal name দাস, অসিত কুমার
942 ## - ADDED ENTRY ELEMENTS (KOHA)
Source of classification or shelving scheme Dewey Decimal Classification
Koha item type Books
Holdings
Source of classification or shelving scheme Damaged status Not for loan Home library Current library Shelving location Date of accession Cost, normal purchase price Total Checkouts Full call number Barcode Date last seen Copy number Koha item type
Dewey Decimal Classification     JCC Rouf Library JCC Rouf Library General Stacks 04/05/2018 10.00   574 DAS 1988 12968 04/05/2018 C-1 Books

JCC Library | Contacts | JCC Home

Last Update on 23 September 2017
Copyright @ 2017-2020 JCC Rouf Library
Rouf Library, Jhenidah Cadet College (JCC), Bangladesh